Turner v Stevenage BC (Record no. 50571)

MARC details
000 -LEADER
fixed length control field 01167cab a2200229 4500
001 - CONTROL NUMBER
control field ABS57417
008 - FIXED-LENGTH DATA ELEMENTS--GENERAL INFORMATION
fixed length control field 090401t1997 xxu||||| |||| 00| 0 eng d
035 ## - SYSTEM CONTROL NUMBER
System control number (Sirsi) u80309
041 ## - LANGUAGE CODE
Language code of text/sound track or separate title eng
245 ## - TITLE STATEMENT
Title Turner v Stevenage BC
260 ## - PUBLICATION, DISTRIBUTION, ETC.
Date of publication, distribution, etc. 1997
350 ## - PRICE (NR) (BK AM CF MU VM SE) [OBSOLETE]
Price 0
490 ## - SERIES STATEMENT
Series statement Weekly Law Reports
Volume/sequential designation [1997] 3 WLR 309-319(11)
520 ## - SUMMARY, ETC.
Summary, etc. CA 6 March 1997. An arbitrator was appointed to conduct proceedings relating to a rent review. The terms of appointment contained no provision for payment of fees. The proceedings went on longer than expected and after five preliminary hearings the arbitrator requested half his fee and expenses. The tenant objected. The landlord, Stevenage BC, paid the sum three months late. The arbitrator took legal advice and then returned the fee. The tenant applied for the arbitrator to be removed under the Arbitration Act 1950 s23(1) on grounds of bias. The judge dismissed the application. The tenant appealed. Appeal dismissed.
650 ## - SUBJECT ADDED ENTRY--TOPICAL TERM
Topical term or geographic name entry element ARBITRATION ACT 1950
650 ## - SUBJECT ADDED ENTRY--TOPICAL TERM
Topical term or geographic name entry element BIAS
650 ## - SUBJECT ADDED ENTRY--TOPICAL TERM
Topical term or geographic name entry element FEES
650 ## - SUBJECT ADDED ENTRY--TOPICAL TERM
Topical term or geographic name entry element TURNER V STEVENAGE BC
690 ## - LOCAL SUBJECT ADDED ENTRY--TOPICAL TERM (OCLC, RLIN)
Topical term or geographic name as entry element ARBITRATION-CASE LAW
942 ## - ADDED ENTRY ELEMENTS (KOHA)
Suppress in OPAC 0
948 ## - LOCAL PROCESSING INFORMATION (OCLC); SERIES PART DESIGNATOR (RLIN)
c (OCLC) 18/08/1997
Holdings
Withdrawn status Lost status Source of classification or shelving scheme Damaged status Not for loan Home library Current library Shelving location Date acquired Total Checkouts Full call number Barcode Date last seen Copy number Price effective from Koha item type
    Dewey Decimal Classification     London London Journal article 14/09/1999   ABS57417 80309-1001 06/08/2019 1 06/08/2019 Law report